000 00475nam a2200181Ia 4500
001 9148
005 20260306160702.0
008 260306t2017||||xx |||||||||||||| ||spa||
041 _aESP
082 _a373.011
_bU77
100 _aUribe Gartner, Carlos
_eAUT
245 0 _aEducar mentes para pensar:
_bdesarrollo del pensamiento cientĂ­fico en el aula
260 _c2017
300 _a201 páginas :
_c24 cm.
650 _aGEN
654 _aCED
942 _cLIB
_dJUS
_fJUS
_2ddc
_n
999 _c9148
_d9148